000 00487nam a2200205Ia 4500
005 20250425162742.0
008 250425s9999 xx 000 0 und d
020 _a8428300186
041 _aspa
082 _a550
100 _aBAYLY, M. BRIAN
245 0 _aGEOLOGIA Y PETROLEO: INTRODUCCION A LA PETROLOGIA (TOMO 5)
250 _a1A ED.
260 _aEspaƱa
_bPARANINFO
_c1981
260 _aMADRID
300 _a420
650 _aGEOLOGIA
942 _c01
010 _a105071
999 _c235709
_d235709